000 02214nam a22002657a 4500
003 Uzh_bibl
008 260430b |||||||| |||| 00| 0 ukr d
020 _a978-966-942-955-1
_c180.00
040 _bукр.
041 _2ukr
_aukr
080 _a821(477)
090 _a821(477)
_bК 59
100 _aКокотюха,Андрій
245 _aВигнанець і чорна вдова
_cобкл. О. Скворчинської
_hТекст
260 _aХарків
_bВіват
_c2019
300 _a304 с.
_fВ опр.
490 _aСерія"Художня література"
520 _aВесна 1909 року. Київський сищик Платон Чечель іде по сліду жорстокого убивці юних дівчат. Ним виявляється донька таємного радника з Петербурга. Згодом панянка гине за тих же обставин, що й її жертви. Тож впливові родичі звинувачують поліцейського в наклепі. Для всіх Платон стає вигнанцем. Єдиний вихід не опинитися на каторзі – це врятувати життя мільйонера фон Шлессера. Йому нібито загрожує молода дружина, що встигла здобути славу чорної вдови. Однак барон помирає, і це лише початок серії майбутніх холоднокровних убивств. Під підозрою всі спадкоємці - і навіть сам Платон… Вигнанець змушений розплутати клубок смертей та дізнатись, хто винен у злодійстві. Щоб не тільки запобігти новим злочинам, а й врятувати себе.
521 _aДля широкого кола читачів
546 _aукр.
650 _aЛітературно-художнє видання
653 _aСлідчий
_aВбивство
655 _aДетектив
_vРоман
_yвесна 1909 р.
942 _2udc
_cBK
999 _c17570
_d17570